书目信息 |
| 题名: |
长寿有道
|
|
| 作者: | 纪中秋 , 姜桂萍 , 徐春华 编著 | |
| 分册: | ||
| 出版信息: | 北京 北京体育大学出版社 2002.06 |
|
| 页数: | 280页 | |
| 开本: | 21cm | |
| 丛书名: | 健康金钥匙丛书 | |
| 单 册: | ||
| 中图分类: | R161.7 | |
| 科图分类: | ||
| 主题词: | 长寿方法--chang shou fang fa--老年保健学 | |
| 电子资源: | ||
| ISBN: | 7-81051-683-3 | |
| 000 | 01014nam 2200301 450 | |
| 001 | 012008386000 | |
| 005 | 20080320175418.43 | |
| 010 | @a7-81051-683-3@dCNY17.00 | |
| 100 | @a20080320d2002 km y0chiy0120 ea | |
| 101 | 0 | @achi |
| 102 | @aCN@b110000 | |
| 105 | @aa a 000yy | |
| 106 | @ar | |
| 200 | 1 | @a长寿有道@AChang Shou You Dao@f纪中秋 … [等]编著@Fji zhong qiu…[deng]bian zhu |
| 210 | @a北京@c北京体育大学出版社@d2002.06 | |
| 215 | @a280页@c图@d21cm | |
| 225 | 2 | @a健康金钥匙丛书@Ajian kang jin yue chi cong shu |
| 314 | @a其它编著者: 姜桂萍, 徐春华, 陈德敏。 | |
| 320 | @a有书目 (第280页)。 | |
| 330 | @a本书从保健、运动、心理、环境、饮食与营养等5个方面介绍长寿的科学方法。 | |
| 410 | 0 | @12001 @a健康金钥匙丛书 |
| 606 | 0 | @a长寿方法@Achang shou fang fa@x老年保健学 |
| 690 | @aR161.7@v4 | |
| 701 | 0 | @a纪中秋@AJi Zhong Qiu@4编著 |
| 701 | 0 | @a姜桂萍@AJiang Gui Ping@4编著 |
| 701 | 0 | @a徐春华@AXu Chun Hua@4编著 |
| 801 | 0 | @aCN@bQSSK@c20080320 |
| 905 | @b20289422-24@dR161.7@eJ161@f3 | |
| 长寿有道/纪中秋 … [等]编著.-北京:北京体育大学出版社,2002.06 |
| 280页:图;21cm.-(健康金钥匙丛书) |
| ISBN 7-81051-683-3:CNY17.00 |
| 本书从保健、运动、心理、环境、饮食与营养等5个方面介绍长寿的科学方法。 |
| ● |
| 相关链接 |
|
|
|
正题名:长寿有道
索取号:R161.7/J161
 
预约/预借
| 序号 | 登录号 | 条形码 | 馆藏地/架位号 | 状态 | 备注 |
| 1 | 289422 | 202894225 | 自科库401/401自科库 6排2列3层/ [索取号:R161.7/J161] | 在馆 | |
| 2 | 289423 | 202894234 | 自科库401/401自科库 6排2列3层/ [索取号:R161.7/J161] | 在馆 | |
| 3 | 289424 | 202894243 | 自科库401/401自科库 6排2列3层/ [索取号:R161.7/J161] | 在馆 |